| 000 | 01153nam a2200229Ia 4500 | ||
|---|---|---|---|
| 003 | Ost | ||
| 005 | 20260507075611.0 | ||
| 008 | 260507s9999||||xx |||||||||||||| ||und|| | ||
| 020 | _a9789961018033 | ||
| 040 | _cfsecg | ||
| 041 | _aara | ||
| 082 | _a304.6 | ||
| 100 |
_aشريف، آسيا _eمؤلف |
||
| 245 | 0 |
_aالظواهر الديموغرافية : _bقراءات نظرية وتمارين تطبيقية / _c آسيا شريف |
|
| 260 |
_aالجزائر: _bديوان المطبوعات الجامعية, _c2015 |
||
| 300 |
_a222 صفحة؛ _bإيضاحات ؛ _c22 سم |
||
| 504 | _aالملاحق ص.213 المراجع ص. 216 | ||
| 520 | _aيحتوي هذا الكتاب على ستة فصول حيث يبدأ مفهوم الديمغرافيا وأهميتها ومصادر جمع المعطيات، دراسة الظواهر الديمغرافية وطرق قياسها من وفاتية، زواجية، ولادية، خصوبة، تكاثر، واختتم الكتاب بمجموعة من التمارين المحلولة . | ||
| 653 | _aالديمغرافيا | ||
| 653 | _aالنمو السكاني | ||
| 942 | _cكتاب | ||
| 999 |
_c45070 _d45070 |
||